| 000 | 00815nam a2200241Ia 4500 | ||
|---|---|---|---|
| 003 | OSt | ||
| 005 | 20241219102652.0 | ||
| 008 | 210716s2016 xx 000 0 und d | ||
| 020 | _a9788126539680 | ||
| 040 | _cAIMIT LIBRARY | ||
| 041 | _aeng | ||
| 082 |
_a001.0720053 _21 _bMURS |
||
| 245 |
_aHarnessing green IT : _bprinciples and practices / _cEdited by San Murugesan and G R Gangadharan. |
||
| 250 | _a1st ed. | ||
| 260 |
_aNew Delhi : _bWiley India Pvt Ltd , _c2016. |
||
| 300 |
_axxxiv,395p. _bPB _c24.5 cm |
||
| 650 |
_aGreen devices and hardware _9191712 |
||
| 650 |
_aSustainable software development _9191713 |
||
| 650 |
_aGreen networks and communications _9191714 |
||
| 700 |
_aMurugesan, San., ed. _9191715 |
||
| 700 |
_aGangadharan, G R., ed. _9191716 |
||
| 942 |
_2ddc _cBK _e1st _k001.0720053 MURS |
||
| 999 |
_c195632 _d195632 |
||